书目信息 |
| 题名: |
儒家政治理论及其现代价值
|
|
| 作者: | 傅永聚 , 任怀国 著 | |
| 分册: | ||
| 出版信息: | 北京 中华书局 2011 |
|
| 页数: | 508页 | |
| 开本: | 21cm | |
| 丛书名: | ||
| 单 册: | ||
| 中图分类: | D092.2 , B222.05 | |
| 科图分类: | ||
| 主题词: | 儒家--政治思想--研究 , 儒家 , 政治思想 | |
| 电子资源: | ||
| ISBN: | 978-7-101-08147-3 | |
| 000 | 00938nam0 22002771 450 | |
| 001 | 524 | |
| 005 | 20140905095840.57 | |
| 010 | @a978-7-101-08147-3@dCNY49.00 | |
| 100 | @a20110929d2011 em y0chiy50 ea | |
| 101 | 0 | @achi |
| 102 | @aCN@b110000 | |
| 105 | @ay z 000yy | |
| 106 | @ar | |
| 200 | 1 | @a儒家政治理论及其现代价值@ARu Jia Zheng Zhi Li Lun Ji Qi Xian Dai Jia Zhi@f傅永聚,任怀国著@FFu Yong Ju, Ren Huai Guo Zhu |
| 210 | @a北京@c中华书局@d2011 | |
| 215 | @a508页@d21cm | |
| 330 | @a本书以十二章篇幅,论述了以孔、孟、荀为核心的儒家政治理论,具体包括:儒家对王道政治蓝图的构想、儒家的家国理论、儒家的君主集权理论、儒家的德政理论等。 | |
| 606 | 0 | @a儒家@x政治思想@x研究 |
| 606 | 0 | @a儒家 |
| 606 | 0 | @a政治思想 |
| 690 | @aD092.2@v5 | |
| 690 | @aB222.05@v5 | |
| 701 | 0 | @a傅永聚@AFu Yong Ju@f(1954~)@4著 |
| 701 | 0 | @a任怀国@ARen Huai Guo@4著 |
| 801 | 0 | @aCN@bTANGWEI@c20140603 |
| 905 | @b0837510-12@dD092.2@e138@f3 | |
| 儒家政治理论及其现代价值/傅永聚,任怀国著.-北京:中华书局,2011 |
| 508页;21cm |
| ISBN 978-7-101-08147-3:CNY49.00 |
| 本书以十二章篇幅,论述了以孔、孟、荀为核心的儒家政治理论,具体包括:儒家对王道政治蓝图的构想、儒家的家国理论、儒家的君主集权理论、儒家的德政理论等。 |
| ● |
| 相关链接 |
|
|
|
|
正题名:儒家政治理论及其现代价值
索取号:D092.2/138
 
预约/预借
| 序号 | 登录号 | 条形码 | 馆藏地/架位号 | 状态 | 备注 |
| 1 | 0837510 | 208375104 | 第一样本阅览室/ [索取号:D092.2/138] | 在馆 | |
| 2 | 0837511 | 208375113 | 第一借阅区/ [索取号:D092.2/138] | 在馆 | |
| 3 | 0837512 | 208375122 | 密集书库-史法系/ [索取号:D092.2/138] | 在馆 |